CBU Courier : No. 3 Vol. 1 Oct 2010 (Record no. 79222)

MARC details
000 -LEADER
fixed length control field 00758nam a2200157 a 4500
008 - FIXED-LENGTH DATA ELEMENTS--GENERAL INFORMATION
fixed length control field 120416s2010 ||||||||||||||||| || u
050 ## - LIBRARY OF CONGRESS CALL NUMBER
Classification number CBU(05)C/2010/1/3
110 ## - MAIN ENTRY--CORPORATE NAME
Corporate name or jurisdiction name as entry element Copperbelt University
245 10 - TITLE STATEMENT
Title CBU Courier : No. 3 Vol. 1 Oct 2010
Statement of responsibility, etc. By The Copperbelt University(CBU)
260 ## - PUBLICATION, DISTRIBUTION, ETC.
Place of publication, distribution, etc. Kitwe
Name of publisher, distributor, etc. Copperbelt University
Date of publication, distribution, etc. 2010
300 ## - PHYSICAL DESCRIPTION
Extent [various pages]
350 ## -
-- 0.00
650 ## - SUBJECT ADDED ENTRY--TOPICAL TERM
Topical term or geographic name entry element COPPERBELT UNIVERSITY--PERIODICALS
995 ## -
-- SPECIAL COLLECTIONS
-- 0.00
-- 03007373
-- CBU-MAIN LIBRARY (Kitwe)
-- 1
-- 0.00
-- CBU(05)C/2010/1/3B
-- 2
-- AVAILABLE
-- Nov 18, 2010
-- 03007373
-- University Collection
995 ## -
-- SPECIAL COLLECTIONS
-- 0.00
-- 03007372
-- CBU-MAIN LIBRARY (Kitwe)
-- 1
-- 0.00
-- CBU(05)C/2010/1/3A
-- 1
-- AVAILABLE
-- Nov 18, 2010
-- 03007372
-- University Collection
999 ## -
-- 79222
-- 79222

No items available.